[Event "Mittelfranken-chTB2a 1920"]
[Site "Mittelfranken"]
[Date "2020.04.26"]
[Round "9.8"]
[White "Hollfelder, Gerhard"]
[Black "Koerber, Christian"]
[Result "0-1"]
[WhiteElo "1543"]
[BlackElo "1716"]
[PlyCount "38"]
[EventDate "2019.10.13"]
[EventType "team-tourn"]
[EventRounds "9"]
[EventCountry "GER"]
[SourceTitle "EXT 2023"]
[Source "ChessBase"]
[SourceDate "2022.10.05"]
[SourceVersion "1"]
[SourceVersionDate "2022.10.05"]
[SourceQuality "1"]
[WhiteTeam "Bubenreuth"]
[BlackTeam "Nuernberg Sued SW IV"]
[WhiteTeamCountry "GER"]
[BlackTeamCountry "GER"]

1. e4 b6 2. d3 Bb7 3. Nf3 e6 4. Be2 d5 5. exd5 Bxd5 6. 0-0 Bd6 7. Nc3 Bb7 8. b3 Nf6 9. Bb2 Nbd7 10. Rb1 0-0 11. a4 a6 12. Qc1 Ne5 13. Qd1 Nfg4 14. h3 Nxf3+ 15. Bxf3 Bxf3 16. Qxf3 Nh2 17. Qh5 Nxf1 18. Rxf1 Qf6 19. Ba1 Qe5 0-1

[Event "Mittelfranken-chTB2a 1415"]
[Site "Mittelfranken"]
[Date "2015.03.08"]
[Round "7.2"]
[White "Koerber, Christian"]
[Black "Muenster, Erich"]
[Result "0-1"]
[WhiteElo "1671"]
[BlackElo "1964"]
[PlyCount "62"]
[EventDate "2014.09.28"]
[EventType "team-tourn"]
[EventRounds "9"]
[EventCountry "GER"]
[SourceTitle "EXT 2020"]
[Source "ChessBase"]
[SourceDate "2019.10.17"]
[SourceVersion "1"]
[SourceVersionDate "2019.10.17"]
[SourceQuality "1"]
[WhiteTeam "Nuernberg Sued SW IV"]
[BlackTeam "Heilsbronn"]
[WhiteTeamCountry "GER"]
[BlackTeamCountry "GER"]

1. b3 e5 2. Bb2 Nc6 3. e3 Nf6 4. Bb5 Bd6 5. Na3 Na5 6. Nf3 Qe7 7. Nc4 Nxc4 8. Bxc4 0-0 9. 0-0 c6 10. d4 e4 11. Ne5 Bc7 12. Be2 d5 13. a4 Re8 14. Ng4 Nxg4 15. Bxg4 Qh4 16. h3 f5 17. Be2 Re6 18. f4 exf3 19. Rxf3 Rg6 20. Bd3 Rg3 21. Rxg3 Qxg3 22. Qf3 Qh2+ 23. Kf1 Bd7 24. Ke2 Re8 25. Kd2 g6 26. Ba3 Bg3 27. c4 f4 28. e4 Bxh3 29. Kc3 Bxg2 30. Qg4 Qh3 31. Qg5 Bxe4 0-1

[Event "Mittelfranken-chTB2a 1314"]
[Site "Mittelfranken"]
[Date "2014.05.04"]
[Round "9.4"]
[White "Koerber, Christian"]
[Black "Dereser, Marc"]
[Result "1/2-1/2"]
[WhiteElo "1671"]
[BlackElo "1722"]
[PlyCount "70"]
[EventDate "2013.10.20"]
[EventType "team-tourn"]
[EventRounds "9"]
[EventCountry "GER"]
[SourceTitle "EXT 2020"]
[Source "ChessBase"]
[SourceDate "2019.10.17"]
[SourceVersion "1"]
[SourceVersionDate "2019.10.17"]
[SourceQuality "1"]
[WhiteTeam "Fuerth SF II"]
[BlackTeam "Nuernberg SK 1911 II"]
[WhiteTeamCountry "GER"]
[BlackTeamCountry "GER"]

1. d4 d5 2. Nf3 Nf6 3. e3 e6 4. Bd3 c5 5. b3 Nbd7 6. 0-0 Bd6 7. Bb2 Qc7 8. Nbd2 a6 9. c4 cxd4 10. exd4 b6 11. Rc1 Qb8 12. Re1 0-0 13. h3 Bb7 14. Ne5 dxc4 15. Nxd7 Nxd7 16. bxc4 Be7 17. d5 Bf6 18. Bxf6 Nxf6 19. dxe6 Qf4 20. exf7+ Rxf7 21. Nf3 Bxf3 22. Qxf3 Qxf3 23. gxf3 Rd8 24. Bf5 Rc7 25. Rcd1 Rb8 26. Rd6 b5 27. Rb1 Kf8 28. Be6 Ra7 29. a4 Ke7 30. Rc6 b4 31. a5 Nd7 32. Bf5 g6 33. Be4 Kd8 34. Bd5 b3 35. Rb2 Rb4 1/2-1/2

[Event "Erfurt op HT 23rd"]
[Site "Erfurt"]
[Date "2013.12.29"]
[Round "7"]
[White "Hattendorf, Jens"]
[Black "Koerber, Christian"]
[Result "1/2-1/2"]
[WhiteElo "1994"]
[BlackElo "1755"]
[PlyCount "33"]
[EventDate "2013.12.26"]
[EventType "swiss"]
[EventRounds "8"]
[EventCountry "GER"]
[SourceTitle "EXT 2016"]
[Source "ChessBase"]
[SourceDate "2015.10.08"]
[SourceVersion "1"]
[SourceVersionDate "2015.10.08"]
[SourceQuality "1"]

1. e4 Nc6 2. d4 d5 3. Nc3 dxe4 4. d5 Ne5 5. Bf4 Ng6 6. Bg3 f5 7. h4 e5 8. h5 Nf4 9. Bh4 Be7 10. g3 g5 11. hxg6 Nxg6 12. Bxe7 Qxe7 13. d6 Qxd6 14. Qxd6 cxd6 15. Nb5 Ke7 16. 0-0-0 Nf6 17. Bc4 1/2-1/2

[Event "Regionalliga NO 1314"]
[Site "Bayern"]
[Date "2013.11.10"]
[Round "2.8"]
[White "Koerber, Christian"]
[Black "Unterkircher, Michael"]
[Result "0-1"]
[WhiteElo "1800"]
[BlackElo "1898"]
[PlyCount "34"]
[EventDate "2013.10.13"]
[EventType "team-tourn"]
[EventRounds "9"]
[EventCountry "GER"]
[SourceTitle "EXT 2015"]
[Source "ChessBase"]
[SourceDate "2014.11.20"]
[SourceVersion "1"]
[SourceVersionDate "2014.11.20"]
[SourceQuality "1"]
[WhiteTeam "Fuerth SF"]
[BlackTeam "Windischeschenbach"]
[WhiteTeamCountry "GER"]
[BlackTeamCountry "GER"]

1. Nf3 Nf6 2. d4 d5 3. e3 c6 4. Bd3 Bg4 5. b3 e6 6. 0-0 Nbd7 7. Bb2 Bd6 8. Nbd2 Qc7 9. h3 Bh5 10. e4 dxe4 11. Nxe4 Nxe4 12. Bxe4 Nf6 13. Bd3 0-0-0 14. c4 c5 15. dxc5 Bxc5 16. Qe2 Rhe8 17. g4 Qg3+ 0-1